QCM: Les Monuments historiques d'Europe - Statistiques

Statistiques générales
  • Ce quiz a été pris 379 fois
  • Le résultat moyen est 9 sur 20
Statistiques - réponses
Question Réponse % Correct
Quand la Tour Eiffel a-t-elle été construite? au XIXème siècle
87%
Qui fut chargé de créer les jardin de Versailles? André le Nôtre
80%
Où se situe la basilique Sainte-Sophie? Istanbul
80%
Quelle construction parmi celles-ci est la plus ancienne? Stonehenge
80%
Dans quelle ville se situe le Manneken Pis? Bruxelles
73%
Dans quelle région se trouve l'abbaye du Mont Saint-Michel? Normandie
73%
Quelle construction parmi celles-ci est la plus tardive? Sagrada Família
67%
Quel célèbre musée se situe dans la ville de Bilbao? Guggenheim
60%
Dans quelle ville se situe le Château de Schönbrunn? Vienne
60%
Le Palais de Budavávar se situe à ...? Budapest
47%
Lequel de ces châteaux de trouve en Suisse? Le Château de Chillon
47%
Où se trouve Big Ben? (attention que "Big Ben" est le nom de la cloche et nom de la tour) Au sommet de la tour Elizabeth du Palais de Westminster
33%
Lequel de ces édifices ne se situe pas à Amsterdam? Le Rubenshuis
33%
Quelle affirmation est fausse concernant le Château de Bran? Il est aujourd'hui le plus ancien des châteaux d'Europe
27%
Lequel de ces châteaux est le plus récent? Le Château de Marienburg
27%
Quelle construction du Vatican est la plus récente? La Basilique Saint-Pierre
20%
Quel empereur fit édifier de le Colisée? Vespasien
13%
Au sujet de l'Acropole d'Athènes, quelle affirmation est vraie? Elle a longtemps servi de Citadelle
7%
La Cathédrale Santa Maria del Fiore, à Florence, a un campanile célèbre du nom de son créateur. Qui était ce créateur? Giotto
7%
Quelle affirmation sur la porte de Brandebourg est fausse? Son style est néo-gothique
7%
Aucun quiz correspondant
Distribution des résultats
% des personnes avec chaque résultat
Percentile par nombre de réponses
Votre historique - résultats
Vous n’avez pas pris ce quiz